Financial scenario of India under globalisation / (Record no. 25917)
[ view plain ]
| 000 -LEADER | |
|---|---|
| fixed length control field | 00906nam a22002417a 4500 |
| 005 - DATE AND TIME OF LATEST TRANSACTION | |
| control field | 20090429113428.0 |
| 008 - FIXED-LENGTH DATA ELEMENTS--GENERAL INFORMATION | |
| fixed length control field | 090429t xxu||||| |||| 00| 0 eng d |
| 010 ## - LCCN (DPL NO) | |
| LC control number | ENG-93307 |
| 020 ## - INTERNATIONAL STANDARD BOOK NUMBER | |
| International Standard Book Number | 9788189886868 |
| Terms of availability | 380.00 |
| 020 ## - INTERNATIONAL STANDARD BOOK NUMBER | |
| International Standard Book Number | 818988686X |
| Terms of availability | 380.00 |
| 035 ## - SYSTEM CONTROL NUMBER | |
| System control number | EN-76840 |
| 037 ## - SOURCE OF ACQUISITION | |
| Source of stock number/acquisition | DBAD / PUB |
| 040 ## - CATALOGING SOURCE | |
| Original cataloging agency | dpl |
| Language of cataloging | English |
| 082 ## - DEWEY DECIMAL CLASSIFICATION NUMBER | |
| Classification number | 332.0954 |
| 100 ## - MAIN ENTRY--PERSONAL NAME | |
| Personal name | Dhiraviyam, P. |
| 245 ## - TITLE STATEMENT | |
| Title | Financial scenario of India under globalisation / |
| Statement of responsibility, etc | by P. Dhiraviyam |
| 260 ## - PUBLICATION, DISTRIBUTION, ETC. (IMPRINT) | |
| Place of publication, distribution, etc | Delhi |
| Name of publisher, distributor, etc | Abhijeet Publications |
| Date of publication, distribution, etc | 2008 |
| 270 ## - ADDRESS | |
| Address | 2/46, Tukhmeerpur Extension |
| City | Delhi |
| Postal code | 110094 |
| 300 ## - PHYSICAL DESCRIPTION | |
| Extent | viii, 134p. |
| Dimensions | 22cm (Hb) |
| 500 ## - GENERAL NOTE | |
| General note | Includes bibliographical references |
| 942 ## - ADDED ENTRY ELEMENTS (KOHA) | |
| Source of classification or shelving scheme | Dewey Decimal Classification |
| Item type | English Books |
| Call number suffix | DHI |
| Classification part | 332.0954 |
| Withdrawn status | Lost status | Source of classification or shelving scheme | Damaged status | Not for loan | Collection code | Home library | Current library | Date acquired | Source of acquisition | Cost, normal purchase price | Total Checkouts | Full call number | Barcode | Date last seen | Copy number | Cost, replacement price | Koha item type |
|---|---|---|---|---|---|---|---|---|---|---|---|---|---|---|---|---|---|
| Dewey Decimal Classification | Not For Loan | Non-fiction | D.B.Act.Division | D.B.Act.Division | 29/04/2009 | DBAD / PUB | 380.00 | 332.0954 DHI | EN-76840 | 29/04/2009 | 1 | 380.00 | English Books |
